| 000 | 00389 a2200145 4500 | ||
|---|---|---|---|
| 005 | 20250527135821.0 | ||
| 020 | _a0-256-02941-5 | ||
| 082 | _a658.8 McC | ||
| 100 | _aMcCARTHY, E. J. | ||
| 245 | _aEssentials of Marketing. | ||
| 260 |
_aHomewood, _bRichard D. Irwin, _c1983. |
||
| 300 |
_axv, 542p.: ill.; figure, picture, table _bIndex _c24cm |
||
| 700 | _aSHAPIRO, S. J. | ||
| 942 |
_2ddc _cBKS |
||
| 999 |
_c2745 _d2745 |
||